000 00889cam a22002651 4500
001 sa 68000482
003 DLC
005 20260227112424.0
008 890913s1964 ii b 000 0 inco
010 _asa 68000482
035 _a(OCoLC)20335767
040 _aDLC
_cWaU
_dNRU
_dDLC
041 0 _ainchin
042 _apremarc
050 0 0 _aPK2479.N3
_bB5 1964
100 1 _aNarapati Nālha,
_dactive 12th century.
245 1 0 _aBīsaladeva rāso.
_cSaṃpādaka Satyajīvana Varmā.
260 _aKāśī,
_bNāgarī Pracāriṇī Sabhā
_c[1964 or 5]
300 _a44, 115, 4 p.
_c18 cm.
490 0 _aBālābaksha Rājaputa Cāraṇa Pustakamālā ;
_v2
546 _aIn Dingal; introductory matter and commentary in Hindi.
504 _aBibliographical footnotes.
600 0 0 _aVigraha Raja,
_bIV,
_cKing of Ajmer,
_dactive 1001
_vPoetry.
700 1 _aVarmā, Satyajīvana,
_d1898-
999 _c77238
_d77238